000 00691nam a2200289Ia 4500
005 20260324144021.0
008 008 260324s9999 xx 000 0 eng d
020 _a9780429043079
037 _aEBOOK
040 _aCRL
040 _beng
040 _cCRL
041 _2eng
041 _aeng
084 _qCRL
100 _aPhilip Guest
_91217769
245 0 _aLabor Allocation And Rural Development
245 0 _bMigration In Four Javanese Villages
260 _bTaylor and Francis
260 _c1990
365 _a
365 _b220
856 _uhttp://www.taylorfrancis.com/books/9780429043079
942 _cEBOOK
999 _c1823866
_d1823866